000 00518nam a2200181Ia 4500
005 20241115105330.0
008 240126s9999 xx 000 0 und d
020 _a9788131526613
082 _a658.401 ALB;2
100 _aAlbright, S Christian. Winston, Wayne L.
245 0 _aBusiness analytics : data analysis and decision making
250 _a5th ed.
260 _bCengage Learning
_aAndover
_c2015
300 _axviii, 990
440 _aNULL
650 _aBusiness,analytics,decision,making
942 _cPU
999 _c281865
_d281865